000 02322cam a2200505 i 4500
001 18756395
003 NUST
005 20220801093258.0
008 150824s2015 pk 000 0 urd
010 _a 2015327420
020 _a9789698344238
040 _aDLC
_beng
_erda
_cDLC
_dDLC
042 _alcode
_apcc
050 0 0 _aHN690.5.A8
_bS367 2015
066 _c(3
_c(4
082 _a303.44
_bSAM
245 0 0 _6880-01
_aSamājī shuʻbah aur pāʼīdār taraqqī /
_ctartīb va tadvīn, Ḥmerā Ashfāq.
250 _6880-02
_aIshāʻat-i avval.
264 1 _6880-03
_aIslāmābād :
_bPālīsī Insṭīṭiyūṭ barāʼe Pāʼīdār Taraqqī,
_c2015.
300 _a425 pages ;
_c23 cm
336 _atext
_btxt
_2rdacontent
337 _aunmediated
_bn
_2rdamedia
338 _avolume
_bnc
_2rdacarrier
490 0 _6880-04
_aSilsilah-yi mat̤būʻāt ;
_v5
505 _aSmaji, Samaji
520 _aOn social conditions of Pakistan, women, labor unions and their impacts on sustainable development in Pakistan; contributed articles published in serial Pāʼīdār taraqqī between 2001-2012.
546 _aIn Urdu.
650 0 _aWomen
_zPakistan
_xSocial conditions.
_933
650 0 _aLabor unions
_zPakistan.
_96836
650 0 _aSustainable development
_zPakistan.
_96837
651 0 _aPakistan
_xSocial conditions
_y21st century.
_93727
700 1 _6880-05
_aAshfāq, Ḥumerā
_ecompiler.
_96838
710 2 _aSustainable Development Policy Institute.
_96839
730 0 _6880-06
_aPāʼīdār taraqqī.
_96840
856 4 1 _3Table of contents only
_uhttp://www.loc.gov/catdir/toc/fy16pdf02/2015327420.html
880 0 0 _6245-01/(3/r‏
_a‏سماجى شعبه اور پائيدار ترقّى /‏
_c‏ترتيب و تدوين، حميرا اشفاق.
880 _6250-02/(3/r‏
_a‏اشاعت اوّل.
880 1 _6264-03/(3/r‏
_a‏اسلام اباد :‏
_b‏پاليسى انسٹيٹيوٹ برائے پائيدار ترقّى،‏
_c‏‪2015‬.
880 0 _6490-04/(3/r‏
_a‏سلسلۀ مطبوعات ؛‏
_v‏5
880 1 _6700-05/(3/r‏
_a‏اشفاق، حميرا‏
880 0 _6730-06/(4/r‏
_a‏پائيدار ترقّى.
906 _a7
_bcbc
_corigode
_d3
_encip
_f20
_gy-nonroman
942 _2ddc
_cBK
999 _c332358
_d332358